[Event "Leipzig VfB op 20th"]
[Site "Leipzig"]
[Date "2013.03.07"]
[Round "5"]
[White "Hofmann, Timo"]
[Black "Keller, Ralf"]
[Result "1/2-1/2"]
[WhiteElo "1275"]
[BlackElo "1601"]
[PlyCount "83"]
[EventDate "2013.03.05"]
[EventType "swiss"]
[EventRounds "9"]
[EventCountry "GER"]
[SourceTitle "EXT 2014"]
[Source "ChessBase"]
[SourceDate "2013.11.20"]
[SourceVersion "1"]
[SourceVersionDate "2013.11.20"]
[SourceQuality "1"]

1. d4 d5 2. c4 c6 3. Nf3 e6 4. Nc3 Nf6 5. Bg5 Be7 6. e3 Nbd7 7. cxd5 exd5 8. Bd3 0-0 9. Bc2 Ne4 10. Bxe4 Bxg5 11. Bc2 Bh6 12. Qd3 Nf6 13. h3 g6 14. Ne5 Bf5 15. Qd2 Bxc2 16. Qxc2 Bg7 17. f4 Nd7 18. 0-0 f5 19. Qb3 Nxe5 20. fxe5 Qb6 21. Na4 Qxb3 22. axb3 b6 23. Ra2 Rab8 24. Rc1 Rbc8 25. Raa1 Rc7 26. g3 Kf7 27. Rc2 Ke6 28. Rac1 Rfc8 29. Kf2 Bh6 30. b4 Kd7 31. Rc3 g5 32. Kf3 Bf8 33. Rb3 Ke6 34. Nc3 h5 35. Ne2 c5 36. bxc5 bxc5 37. Rbc3 c4 38. b3 Bb4 39. R3c2 c3 40. h4 g4+ 41. Kf2 Rd7 42. Nf4+ 1/2-1/2

[Event "Leipzig VfB op 20th"]
[Site "Leipzig"]
[Date "2013.03.06"]
[Round "3"]
[White "Rucks, Sebastian"]
[Black "Keller, Ralf"]
[Result "1/2-1/2"]
[WhiteElo "1768"]
[BlackElo "1601"]
[PlyCount "66"]
[EventDate "2013.03.05"]
[EventType "swiss"]
[EventRounds "9"]
[EventCountry "GER"]
[SourceTitle "EXT 2014"]
[Source "ChessBase"]
[SourceDate "2013.11.20"]
[SourceVersion "1"]
[SourceVersionDate "2013.11.20"]
[SourceQuality "1"]

1. Nf3 d5 2. c4 c6 3. d4 e6 4. e3 Nf6 5. Bd2 Nbd7 6. Nc3 Be7 7. Rc1 Nb6 8. cxd5 exd5 9. Na4 Nxa4 10. Qxa4 Bd7 11. Ne5 a5 12. Nxd7 Nxd7 13. Bd3 0-0 14. Qc2 Nf6 15. a3 Re8 16. f3 Qd7 17. Kf2 Rec8 18. Bf5 Qd8 19. Bxc8 Rxc8 20. b4 axb4 21. Bxb4 Ra8 22. Ra1 Ne8 23. Bxe7 Qxe7 24. a4 Nd6 25. Qc5 Qd7 26. Rhe1 Nc4 27. Qb4 b6 28. e4 f6 29. exd5 Qxd5 30. Rad1 h5 31. Qe7 Nb2 32. Rd2 Nc4 33. Rdd1 Nb2 1/2-1/2

[Event "Leipzig VfB op 16th"]
[Site "Leipzig"]
[Date "2009.04.04"]
[Round "7"]
[White "Pauscher, Wolfgang"]
[Black "Keller, Ralf"]
[Result "1-0"]
[WhiteElo "1842"]
[BlackElo "1515"]
[PlyCount "83"]
[EventDate "2009.03.31"]
[EventType "swiss"]
[EventRounds "9"]
[EventCountry "GER"]
[SourceTitle "EXT 2010"]
[Source "ChessBase"]
[SourceDate "2010.11.25"]
[SourceVersion "1"]
[SourceVersionDate "2010.11.25"]
[SourceQuality "1"]

1. e4 e5 2. Nf3 f5 3. Nxe5 Qf6 4. Nc4 fxe4 5. Nc3 Qf7 6. Ne3 Nf6 7. Bc4 Qg6 8. 0-0 c6 9. d4 d5 10. Bb3 Bd6 11. f3 exf3 12. Rxf3 0-0 13. Ne2 Be6 14. Nf4 Bxf4 15. Rxf4 Nbd7 16. Bd2 Ne4 17. Rxf8+ Rxf8 18. Be1 Rf4 19. c4 Qf7 20. cxd5 cxd5 21. Rc1 Nb6 22. Qc2 Nc4 23. Bxc4 dxc4 24. g3 Qg6 25. d5 Bd7 26. Qxc4 Rf7 27. Bb4 h6 28. Rf1 Rxf1+ 29. Qxf1 Nd6 30. Bc3 Bb5 31. Qf4 Bd3 32. Qd4 Nb5 33. Qe5 Nxc3 34. bxc3 Ba6 35. d6 Qb1+ 36. Kg2 Bb5 37. Qe6+ Kh8 38. d7 Bc6+ 39. Kh3 Bxd7 40. Qxd7 Qe4 41. Qc8+ Kh7 42. Qf5+ 1-0

[Event "Leipzig VfB op 13th"]
[Site "Leipzig"]
[Date "2006.03.18"]
[Round "8"]
[White "Luda, Michael"]
[Black "Keller, Ralf"]
[Result "1-0"]
[WhiteElo "1582"]
[BlackElo "1490"]
[PlyCount "57"]
[EventDate "2006.03.14"]
[EventType "swiss"]
[EventRounds "9"]
[EventCountry "GER"]
[SourceTitle "EXT 2008"]
[Source "ChessBase"]
[SourceDate "2007.11.25"]
[SourceVersion "1"]
[SourceVersionDate "2007.11.25"]
[SourceQuality "1"]

1. e4 e5 2. d4 exd4 3. Nf3 Bb4+ 4. Bd2 Bc5 5. Bc4 d6 6. 0-0 Be6 7. Bxe6 fxe6 8. a4 a5 9. Bg5 Nf6 10. Nxd4 Bxd4 11. Qxd4 Nc6 12. Qc4 Qe7 13. Ra3 0-0 14. Rg3 Ne5 15. Qb3 Kh8 16. Nd2 b6 17. f4 Ned7 18. Rff3 Qf7 19. Qc3 Nh5 20. Rg4 Ndf6 21. Rh4 Rac8 22. g4 Nxg4 23. Rxg4 Nf6 24. Rh4 e5 25. f5 g6 26. Rh6 Kg7 27. fxg6 hxg6 28. Rhh3 Qe6 29. Bh6+ 1-0

[Event "Leipzig VfB op 10th"]
[Site "Leipzig"]
[Date "2003.03.13"]
[Round "4"]
[White "Mikolajewski, Armin"]
[Black "Keller, Ralf"]
[Result "1-0"]
[WhiteElo "1820"]
[BlackElo "1605"]
[PlyCount "44"]
[EventDate "2003.03.11"]
[EventType "swiss"]
[EventRounds "9"]
[EventCountry "GER"]
[SourceTitle "EXT 2008"]
[Source "ChessBase"]
[SourceDate "2007.11.25"]
[SourceVersion "1"]
[SourceVersionDate "2007.11.25"]
[SourceQuality "1"]

1. d4 d5 2. c4 c6 3. cxd5 cxd5 4. Nc3 Nf6 5. Nf3 e6 6. e3 Nc6 7. Bd2 Bd6 8. Rc1 0-0 9. Bd3 Ne7 10. Nb5 Bb8 11. Ne5 a6 12. Nc3 Nc6 13. f4 Ne8 14. 0-0 f5 15. Nxc6 bxc6 16. Na4 Bb7 17. Nc5 Bc8 18. Qa4 Qc7 19. Ba5 Qd6 20. Bb4 Qc7 21. Nb3 Rf7 22. Qxc6 Ra7 1-0